000 004900000a22002050004500
999 _c47558
_d47558
001 313
003 CO-MdFUSB
005 20170818173233.0
008 170818b xxu||||| |||| 00| 0 eng d
020 _a958-9085-72-5
040 _cCO-MdBIC
082 0 4 _a863C Z148p
110 1 _aZamora Editores Ltda.
245 1 0 _aMis primeros cuentos / Zamora Editores Ltda.
260 _aBogotá : Zamora
300 _a63 P.
500 _aTomo 1
650 1 4 _aLiteratura Infantil
942 _cLGB